000 00766nam a2200205 i 4500
001 184023
003 ES-MaACL
005 20250804161019.0
008 150223s1998 sp | |||| ||spa d
080 _a373.3/.5(460.27 M.)(091)
100 1 _aSeco, Luis Ignacio.
_9132613
245 1 4 _aUna mirada al futuro desde el corazón de Vallecas
_b: 40 aniversario Tajamar /
_c[Luis Ignacio Seco].
260 _a[Madrid :
_bs.n.,
_c1998]
300 _a153 p. :
_bil. col. y n. ;
_c22 cm.
610 2 4 _aFundación Tajamar-
_vHistoria.
_9156418
852 _aES-MaACL
_jA-13399
_9190989
_bR.150200
_cDEPO1
_dOlim: N-6399
_hDonación: Pilar Fernández
903 _aFernández Vera, Pilar,
_d1961-
_ednr
_949420
942 _2udc
_cMONOGRAFIA
999 _c184023
_d184023